| 000 | 02800cam a22006254i 4500 | ||
|---|---|---|---|
| 003 | PE-LiUPU | ||
| 005 | 20250731170440.0 | ||
| 008 | 150625s r 000 0 d | ||
| 020 | _a8425421624 | ||
| 035 | _a(Sirsi) i9788425421624 | ||
| 040 |
_aPE-LiUPU _bspa _cPE-LiUPU _erda |
||
| 049 | _aPRUA | ||
| 082 | 0 | 4 |
_a182.09 _bG68 _221 |
| 100 | 1 |
_aGomperz, Theodor, _eautor. |
|
| 245 | 1 | 0 |
_aPensadores Griegos : _buna historia de la filosofía de la antigüedad. Aristóteles y sus sucesores. _n3 / _cTheodor Gomperz. |
| 264 | 1 |
_aBarcelona : _bHerder, _c2000. |
|
| 300 |
_a574 páginas : _bilustraciones, figuraa ; _c25 centímetros |
||
| 336 |
_atext _2rdacontent |
||
| 337 |
_aunmediated _2rdamedia |
||
| 338 |
_avolume _2rdacarrier |
||
| 500 | _aTrad. de la 3a. ed. alemana. | ||
| 504 | _aIncluye referencias bibliográficas al pié de páginas. | ||
| 505 | 0 | _aAristóteles y sus sucesores. -La antigua academia. -La vida de Aristóteles. -Aristóteles, el hombre y el escritor. -Aristóteles y su doctrina de las categorías. -Aristóteles como lógico y como dialéctico. -El Platónico y el asclepíade. -El Platónico y el asclepíade. La teoría aristotélica de los elementos. -Los principios de la demostración. -La ontología aristotélica. -Del azar y la necesidad. -Aristóteles como investigador de la naturaleza. -La naturaleza inorgánica. -Aristóteles como investigador de la naturaleza. -La naturaleza orgánica. | |
| 526 | _aSEG68 | ||
| 526 | _aSEG70 | ||
| 526 | _aSEG69 | ||
| 526 | _aSEG67 | ||
| 526 | _aSEG43 | ||
| 526 | _aP144 | ||
| 526 | _aP143 | ||
| 526 | _aP131 | ||
| 526 | _aP122 | ||
| 526 | _aP120 | ||
| 526 | _aP117 | ||
| 526 | _aP112 | ||
| 526 | _aP110 | ||
| 526 | _aP106 | ||
| 526 | _aP101 | ||
| 526 | _aP80 | ||
| 526 | _aP59 | ||
| 526 | _aP54 | ||
| 526 | _aP35 | ||
| 526 | _aP33 | ||
| 526 | _aP30 | ||
| 541 | _g007-0017629; | ||
| 600 | 1 |
_aAristóteles. _dca. 384-322 a.C. _xEstudio |
|
| 942 |
_2ddc _cBOOK |
||
| 949 |
_a182.09 G68 3 _wDEWEY _c1 _i59235 _lCCODEBUL1 _mBUL _r0 _sY _tBOOK _u2015-6-25 _xSALUD _PP35 _0COMPRA _o.STAFF. Colección General |
||
| 949 |
_a182.09 G68 3 _wDEWEY _c2 _i55916 _d2015-9-11 _e2015-9-10 _lCCODEBUL1 _mBUL _n1 _p45.00 _r0 _sY _tBOOK _u2015-6-25 _xSALUD _zUNKNOWN _0COMPRA _o.STAFF. Colección General |
||
| 994 |
_aC0 _bPEPRU |
||
| 596 | _a1 | ||
| 999 |
_a182.09 G68 3 _wDEWEY _c44754 _i59235 _d44754 _e2018-4-26 _f2021-11-4 _g4 _lCCODEBUL1 _mBUL _n1 _r0 _sY _tBOOK _u2015-6-25 _xBIBLIOTECA _PP35 _0COMPRA _o.STAFF. Colección General |
||
| 999 |
_a182.09 G68 3 _wDEWEY _c2 _i55916 _d2019-7-23 _e2015-9-10 _f2021-11-4 _g4 _lCCODEBUL1 _mBUL _n1 _p45.00 _q2 _r0 _sY _tBOOK _u2015-6-25 _xBIBLIOTECA _zUNKNOWN _0COMPRA _o.STAFF. Colección General |
||
| 980 |
_81 _gALBERTO SANCHEZ Responsable de Automatización |
||